| 000 | 00384nam a2200157Ia 4500 | ||
|---|---|---|---|
| 008 | 151213s9999 xx 000 0 und d | ||
| 100 | _aArifa GhaNI | ||
| 245 |
_aSilhouette Al Mujahedy _cArifa GhaNI |
||
| 250 | _a` | ||
| 260 |
_aDhaka _bMomin Offset Press _c2000 |
||
| 300 | _a8805 p. | ||
| 650 | _aEnglish | ||
| 650 | _aEnglish Literature | ||
| 700 | _aArifa GhaNI | ||
| 999 |
_c4590 _d4590 |
||